000 00305nam a22001337a 4500
008 170303b xxu||||| |||| 00| 0 eng d
020 _a9780851865775
041 _aeng
080 _a616.073
100 _a6
101 _aSHM
245 _aSUPERCRITICAL FLUID CHROMATOGRAPHY
_cSMITH, R.M
942 _2udc
_cBK
999 _c6705
_d6705